Normal view
MARC view
Entry Personal Name
001 - CONTROL NUMBER
- control field: 22812
003 - CONTROL NUMBER IDENTIFIER
- control field: ARRUPE
005 - DATE AND TIME OF LATEST TRANSACTION
- control field: 20160308113713.0
008 - FIXED-LENGTH DATA ELEMENTS
- fixed length control field: 160308|| aca||aabn | a|a d
040 ## - CATALOGING SOURCE
- Original cataloging agency: ARRUPE
- Transcribing agency: ARRUPE
100 ## - HEADING--PERSONAL NAME
- Personal name: Wyk, van E.B.
670 ## - SOURCE DATA FOUND
- Source citation: Work cat.: (ARRUPE): Lombard D.P. 22810, Introduction to the grammar of Northern Sotho, 1985